000
00213 a2200097 4500
001
47372
100
_a
Graham Murray
245
_a
the sword and the umbrella
260
_a
_b
Times press
_c
090
_c
30407
_d
30407
942
_a
NUST-CAE
_c
M
_c
22678
999
_c
282445
_d
282445